000 02028cam a22004934i 4500
003 PE-LiUPU
005 20250731173343.0
008 150706s2001 sp rb 000 0 spa d
020 _a8482601008
035 _a(Sirsi) i9788482601007
040 _aPE-LiUPU
_bspa
_cPE-LiUPU
_erda
049 _aPRUA
082 0 4 _a233
_bG25
_221
100 1 _aGarcía Trapiello, Jesús,
_eautor.
245 1 3 _aEl hombre según la Biblia :
_bpensamiento antropológico del Antiguo Testamento /
_cJesús García Trapiello.
264 1 _aSalamanca :
_bSan Esteban,
_c[2001].
300 _a305 páginas ;
_c23 centímetros.
336 _atext
_2rdacontent
337 _aunmediated
_2rdamedia
338 _avolume
_2rdacarrier
490 0 _aGlosas ;
_v33
504 _aIncluye selección bibliográfica.
505 0 _aInterés del Antiguo Testamento por el hombre -- Noción israelita de la naturaliza del hombre -- el origen del hombre -- La importancia del hombre -- Consecuencias de la importancia del hombre -- Elementos negativos en el hombre -- La vida del hombre -- Distinto final del hombre -- El hombre, objeto de los cuidados divinos.
526 _aSEG42
526 _aSEG41
526 _aSEG40
526 _aSEG39
526 _aP94
526 _aP87
526 _aP86
526 _aP85
526 _aP77
526 _aP76
526 _aP35
541 _g007-0020315;
630 _aBiblia.
_pA.T.
_xCrítica e interpretación.
650 0 4 _aAntropología bíblica.
910 _agl
_bjv
_cng
_d20090916
942 _2ddc
_cBOOK
949 _a233 G25
_wDEWEY
_c1
_i60344
_d2016-1-7
_e2016-1-7
_lCCODEBUL1
_mBUL
_n1
_p27.00
_r0
_sY
_tBOOK
_u2015-7-6
_xTEOLOGIA
_zUNKNOWN
_0COMPRA
_o.STAFF. Colección Teología
994 _aC0
_bPEPRU
596 _a1
999 _a233 G25
_wDEWEY
_c49807
_i60344
_d49807
_e2019-7-12
_f2021-11-10
_g5
_lCCODEBUL1
_mBUL
_n4
_p27.00
_q2
_r0
_sY
_tBOOK
_u2015-7-6
_xTEOLOGIA
_PP35
_0COMPRA
_o.STAFF. Colección Teología
980 _81
_gALBERTO SANCHEZ Responsable de Automatización